| 000 | 00889nam a2200241 a 4500 | ||
|---|---|---|---|
| 005 | 20220816140526.0 | ||
| 008 | 181106s2008 mx r 000 0 spa d | ||
| 020 | _a9706289380 | ||
| 035 | _aUPN01000227575 | ||
| 049 | _aCG | ||
| 050 | 4 |
_aHD8081 M6 _bG5.4 |
|
| 100 | 1 |
_aGiorguli Saucedo, Silvia Elena, _d1970- _932976 |
|
| 245 | 1 | 0 |
_aInserción ocupacional, ingreso y prestaciones de los migrantes mexicanos en Estados Unidos / _cSilvia E. Giorguli Saucedo, Selene Gaspar Olvera. |
| 260 |
_aMéxico : _bCONAPO, _c2008. |
||
| 300 |
_a191 p. : _bgráfs., cuadros |
||
| 440 | 0 | _aTemas de migración | |
| 650 | 7 |
_aTrabajadores extranjeros mexicanos _zEstados Unidos _2 _920717 |
|
| 650 | 2 |
_aInmigrantes _xCondiciones sociales _924567 |
|
| 650 | 4 |
_aPRESTACIONES PARA EMPLEADOS - _zESTADOS UNIDOS _922277 |
|
| 700 | 1 |
_aGaspar Olvera, Selene, _ecoaut. |
|
| 905 | _aLibro | ||
| 999 |
_c199670 _d199670 |
||